Administración de empresas en la era electónica (Registro nro. 2350)

Detalles MARC
000 -LEADER
fixed length control field 00888 a2200193 4500
001 - CONTROL NUMBER
control field 33429
005 - DATE AND TIME OF LATEST TRANSACTION
control field 20260407155626.0
008 - FIXED-LENGTH DATA ELEMENTS--GENERAL INFORMATION
fixed length control field 260407a1963 arg spa d
003 - CONTROL NUMBER IDENTIFIER
control field AR-UNSa-BCEJYS
040 ## - CATALOGING SOURCE
Original cataloging agency AR-UNSa-BCEJYS
Language of cataloging spa
Transcribing agency AR-UNSa-BCEJYS
080 ## - UNIVERSAL DECIMAL CLASSIFICATION NUMBER
Universal Decimal Classification number 658.012.123
Common auxiliary subdivision Modelos de decisión. Diagramas de decisión. Árboles de decisión (Cursogramas)
100 1# - MAIN ENTRY--PERSONAL NAME
Personal name Simon, Herbert A.
245 10 - TITLE STATEMENT
Title Administración de empresas en la era electónica
264 #1 - PRODUCTION, PUBLICATION, DISTRIBUTION, MANUFACTURE, AND COPYRIGHT NOTICE
Place of production, publication, distribution, manufacture México :
Name of producer, publisher, distributor, manufacturer Letras
Date of production, publication, distribution, manufacture, or copyright notice 1963
300 ## - PHYSICAL DESCRIPTION
Extent 85 p.
Dimensions 21 cm.
505 ## - FORMATTED CONTENTS NOTE
Formatted contents note 1. Prefacio - 2. El director de empresa como hombre que toma decisiones - 3. Métodos tradicionales para decidir - 4. Nuevas técnicas de la decisión programada - 5. Solución heurística de problemas - 6. Esquema de la organización: Sistemas humanos-mecánicos para la toma de decisiones.
590 ## - LOCAL NOTE (RLIN)
Local note niveau_biblio:m niveau_hierar:0
942 ## - ADDED ENTRY ELEMENTS (KOHA)
Koha item type
Existencias
Withdrawn status Lost status Damaged status Not for loan Home library Current library Shelving location Date acquired Total checkouts Full call number Barcode Date last seen Price effective from Koha item type
        Biblioteca Prof. Eusebio Cleto del Rey Biblioteca Prof. Eusebio Cleto del Rey   07/04/2026   658.012.123 S594 L24480 07/04/2026 07/04/2026 Libro
        Biblioteca Prof. Eusebio Cleto del Rey Biblioteca Prof. Eusebio Cleto del Rey   07/04/2026   658.012.123 S594 L24686 07/04/2026 07/04/2026 Libro
        Biblioteca Prof. Eusebio Cleto del Rey Biblioteca Prof. Eusebio Cleto del Rey   07/04/2026   658.012.123 S594 L24687 07/04/2026 07/04/2026 Libro